Branching and flowering habits of cacao and patashte.

Bibliographic Details
Other Authors: Cook, O. F. (Orator Fuller), 1867-1949
Format: Government Document eBook
Language:English
Published: [Place of publication not identified] : U.S. Government Printing Office, 1916.
Series:Contributions from U.S. Natl. Herbarium, Vol. XVII, Pt. 8
Subjects:
Online Access:Connect to the full text of this electronic document

MARC

Tag First Indicator Second Indicator Subfields
LEADER 00000cam a22000001a 4500
001 in00003674539
005 20190408173526.0
006 m o d f
007 cr bn mmmapmmp
008 030605s1916 dcu o f001 0 eng d
035 |a ebd191000771 
040 |a UMI  |c UMI  |d UtOrBLW 
086 0 |a SI 3.8:v.17/pt.8 
099 |a SI3.8-17.8 
245 0 0 |a Branching and flowering habits of cacao and patashte. 
264 1 |a [Place of publication not identified] :  |b U.S. Government Printing Office,  |c 1916. 
300 |a 1 online resource (ix, pages 609-625) 
336 |a text  |b txt  |2 rdacontent 
337 |a computer  |b c  |2 rdamedia 
338 |a online resource  |b cr  |2 rdacarrier 
490 0 |a Contributions from U.S. Natl. Herbarium, Vol. XVII, Pt. 8 
500 |a [On characteristics of tree genera] 
500 |a Includes index. 
500 |a Record is based on bibliographic data in ProQuest U.S. Executive Branch Documents, 1910-1932. Reuse except for individual research requires license from ProQuest, LLC. 
533 |a Electronic reproduction.  |b [Bethesda, Md.] :  |c ProQuest,  |d 2012.  |e digital, PDF file.  |n ProQuest U.S. Executive Branch Documents, 1910-1932.  |n Mode of access: World Wide Web via ProQuest website. 
538 |a System requirements: PDF reader software. 
500 |a Electronic resource. 
650 0 |a Cacao.  |0 http://id.loc.gov/authorities/names/n00076880 
655 7 |a Electronic books.  |2 local 
700 1 |a Cook, O. F.  |q (Orator Fuller),  |d 1867-1949.  |0 http://id.loc.gov/authorities/names/n94091538 
776 1 8 |i Microfiche version:  |t Branching and flowering habits of cacao and patashte  |d [Bethesda, Md.] : ProQuest,[2012]  |o CIS US Exec MF SI3.8-17.8  |w (ProQuest)cis19110489 
856 4 0 |u http://proxy.library.tamu.edu/login?url=http://congressional.proquest.com/congressional/docview/t66.d71.si3.8-17.8  |z Connect to the full text of this electronic document  |t 0 
999 f f |s fd8c9666-4a54-340c-a5a8-0abc6b3e9c13  |i 40be8528-c7b2-30e4-840d-e9c529f3cd02  |t 0 
952 f f |a Texas A&M University  |b College Station  |c Electronic Resources  |d Available Online  |t 0  |h No information provided 
998 f f |t 0  |l Available Online